00366nam a2200121Ia 4500008004000000082001300040100003100053245008500084250000500169260003600174300000800210650002600218210210b1979 xxu||||| |||| 00| 0 eng d a660 MUKC aMUKHLYONOV (I) and others. aChemical technology: most important industrial chemical processes. Part 2. Ed 3. a aMoscow.bMir Publishers.,c1979 a323 aChemical Technology